000 01170cam a22003014a 4500
001 14824098
005 20260612134226.0
008 070426s2007 vtua b 001 0 eng
010 _a 2007017571
020 _a9780754649700 (hbk.)
035 _a14824098
040 _aDLC
_cDLC
_dDLC
043 _ae-uk---
_an-us---
082 _a340.071 MAH
100 1 _aMaharg, Paul.
245 1 0 _aTransforming legal education :
_blearning and teaching the law in the early twenty-first century /
_c Paul Maharg.
260 _aBurlington, VT :
_bAshgate,
_c2007.
300 _axi, 346 p. :
_bill. ;
_c24 cm.
365 _bRs. 4,693
505 0 _aInter disciplines; Limitation; Metaverse.
650 0 _aLaw
_xStudy and teaching
_zGreat Britain.
650 0 _aLaw
_xStudy and teaching
_zUnited States.
856 4 1 _3Table of contents
_uhttp://www.loc.gov/catdir/toc/ecip0716/2007017571.html
906 _a7
_bcbc
_corignew
_d1
_eecip
_f20
_gy-gencatlg
942 _2ddc
_cBK
999 _c27052
_d27052